[Event "Team men HL chess 2018"]
[Site "Sochi"]
[Date "2018.05.04"]
[Round "4.3"]
[White "Nikolenko, Oleg"]
[Black "Belyakov, Bogdan"]
[Result "0-1"]
[WhiteElo "2480"]
[BlackElo "2479"]
[PlyCount "98"]
[EventDate "2018.05.01"]

1. e4 e5 2. Nf3 Nc6 3. Bb5 Nf6 4. O-O Nxe4 5. d4 Nd6 6. dxe5 Nxb5 7. a4 Nbd4 8.
Nxd4 Nxd4 9. Qxd4 d5 10. exd6 Qxd6 11. Qe4+ Qe6 12. Qd4 Qd6 13. Qe3+ Be7 14.
Nc3 c6 15. Re1 Be6 16. Ne4 Qe5 17. Bd2 O-O 18. Bc3 Qf5 19. Rad1 Qg6 20. Qf4 Bd5
21. Rd3 f6 22. Rg3 Qf7 23. h3 Rad8 24. Rge3 Qg6 25. Qc7 Bd6 26. Qxb7 f5 27. Ng3
f4 28. Re7 Bxe7 29. Rxe7 Rf7 30. Rxf7 Qxf7 31. Qxf7+ Kxf7 32. Nh5 g5 33. Nf6 h6
34. Ng4 Kg6 35. f3 h5 36. Ne5+ Kf5 37. Kf2 Re8 38. Nd3 Bc4 39. Nc1 Rd8 40. Ke1
Bf1 41. Nb3 Bxg2 42. Nd4+ Kg6 43. Nxc6 Re8+ 44. Kf2 Bxh3 45. Nxa7 g4 46. fxg4
hxg4 47. Nc6 Re3 48. Bd2 g3+ 49. Kg1 Re2 0-1

[Event "Team men HL chess 2018"]
[Site "Sochi"]
[Date "2018.05.04"]
[Round "4.4"]
[White "Savitskiy, Sergey"]
[Black "Saulin, Dmitri"]
[Result "1/2-1/2"]
[WhiteElo "2416"]
[BlackElo "2376"]
[PlyCount "210"]
[EventDate "2018.05.01"]

1. e4 c5 2. Nf3 g6 3. d4 Bg7 4. d5 Nf6 5. Nc3 O-O 6. h3 d6 7. a4 e6 8. Be2 exd5
9. exd5 Na6 10. Nd2 Bf5 11. g4 Bc8 12. Nc4 Re8 13. Bg5 h6 14. Bh4 Nc7 15. O-O
b6 16. Bg3 Bf8 17. Qd3 Ba6 18. Qf3 Nh7 19. Bd3 Ng5 20. Qg2 Qf6 21. f4 Bxc4 22.
fxg5 Qd4+ 23. Bf2 Bxd5 24. Bxd4 Bxg2 25. Kxg2 cxd4 26. Ne4 Nd5 27. Nf6+ Nxf6
28. gxf6 d5 29. a5 Bc5 30. axb6 Bxb6 31. h4 Re6 32. h5 gxh5 33. gxh5 Re5 34.
Rf5 Rxf5 35. Bxf5 Rd8 36. Bd3 Rd6 37. Rf1 Bd8 38. b4 Bxf6 39. Ra1 Rd7 40. Ra6
Kg7 41. Rc6 Bd8 42. Rc8 Bb6 43. Re8 Kf6 44. Kg3 Rd6 45. Re2 Bc7 46. Rf2+ Ke7
47. Kg4 Rd8 48. Re2+ Kf6 49. Rf2+ Ke6 50. Kf3 Be5 51. b5 Bc7 52. Rg2 Kf6 53.
Rg4 Re8 54. Rxd4 Re5 55. Rf4+ Ke6 56. Rh4 Rg5 57. Rh1 f5 58. Ra1 Rg3+ 59. Ke2
Bb6 60. Rf1 Rg2+ 61. Kf3 Rh2 62. Re1+ Kf6 63. Re8 Rxh5 64. Rf8+ Kg6 65. Kg3
Rg5+ 66. Kf3 h5 67. Rg8+ Kf6 68. Rf8+ Ke6 69. Re8+ Kf7 70. Re5 Kf6 71. Rxd5 h4
72. Rd6+ Kg7 73. Kf4 Rh5 74. Rd7+ Kf6 75. Be2 Rh8 76. Rd6+ Ke7 77. Rd1 h3 78.
Kxf5 h2 79. Bf3 Bg1 80. Kg4 Rc8 81. Rc1 Rc4+ 82. Kh5 Rc5+ 83. Kg4 Rxb5 84. Re1+
Kd6 85. Rd1+ Kc7 86. Rd5 Rb4+ 87. Kg3 Rc4 88. Kg2 Rxc2+ 89. Kh1 Be3 90. Rd1 Bf4
91. Bd5 a5 92. Bb3 Rb2 93. Be6 a4 94. Bf7 a3 95. Be6 Be5 96. Bf7 Bd6 97. Be6 a2
98. Bxa2 Rxa2 99. Rc1+ Kd7 100. Rc7+ Ke6 101. Re7+ Kd5 102. Re5+ Kc4 103. Re4+
Kc3 104. Re3+ Kd2 105. Rd3+ Kxd3 1/2-1/2

[Event "Team men HL chess 2018"]
[Site "Sochi"]
[Date "2018.05.04"]
[Round "4.1"]
[White "Tekeyev, Zaur"]
[Black "Rychagov, Andrey"]
[Result "1/2-1/2"]
[WhiteElo "2378"]
[BlackElo "2534"]
[PlyCount "80"]
[EventDate "2018.05.01"]

1. e4 c5 2. Nf3 e6 3. d4 cxd4 4. Nxd4 a6 5. c4 Nf6 6. Nc3 Qc7 7. Be2 Bb4 8. Nc2
Be7 9. O-O d6 10. f4 Nbd7 11. Qd3 b6 12. b4 Bb7 13. Bb2 Rc8 14. Rac1 Qb8 15.
Bf3 O-O 16. g4 h6 17. Ne3 Rfd8 18. Ncd5 exd5 19. cxd5 Rxc1 20. Rxc1 Ne8 21. Nf5
Bf6 22. Bxf6 Nexf6 23. h4 Kf8 24. g5 hxg5 25. hxg5 Rc8 26. Rxc8+ Bxc8 27. gxf6
Nxf6 28. Ne3 b5 29. Qc3 Bd7 30. e5 Ne8 31. Bg4 Bxg4 32. Nxg4 Qd8 33. Kg2 Qh4
34. Qc8 Qe1 35. exd6 Qd2+ 36. Kg3 Qd3+ 37. Kh2 Qd2+ 38. Kg3 Qd3+ 39. Kh2 Qd2+
40. Kg3 Qd3+ 1/2-1/2

[Event "Team men HL chess 2018"]
[Site "Sochi"]
[Date "2018.05.04"]
[Round "4.2"]
[White "Novikov, Stanislav"]
[Black "Nechaev, Oleg"]
[Result "1-0"]
[WhiteElo "2540"]
[BlackElo "2410"]
[PlyCount "121"]
[EventDate "2018.05.01"]

1. c4 c5 2. Nc3 g6 3. g3 Bg7 4. Bg2 Nc6 5. Nf3 e5 6. O-O Nge7 7. Ne1 d6 8. Nc2
Be6 9. Ne3 Qd7 10. Ned5 O-O 11. d3 Bh3 12. Rb1 Bxg2 13. Kxg2 Nxd5 14. cxd5 Ne7
15. b4 cxb4 16. Rxb4 Rac8 17. Bd2 Rxc3 18. Bxc3 Nxd5 19. Qb3 Nxb4 20. Bxb4 Rd8
21. Rc1 d5 22. Bd2 h5 23. Bg5 f6 24. Be3 b6 25. a4 Kh7 26. d4 h4 27. Qb5 h3+
28. Kf1 exd4 29. Bxd4 Rc8 30. Rd1 Qxb5 31. axb5 f5 32. f3 Bxd4 33. Rxd4 Rc5 34.
Ra4 Rxb5 35. Rxa7+ Kh6 36. Kf2 Rb1 37. Ra8 Kg7 38. Ra7+ Kf6 39. Rh7 b5 40. Rxh3
b4 41. Rh8 d4 42. h4 b3 43. Rb8 Ke5 44. Rb5+ Kd6 45. g4 fxg4 46. fxg4 Kc6 47.
Rb8 Kc5 48. h5 gxh5 49. g5 Ra1 50. Rxb3 Ra8 51. Rf3 Kd5 52. Kg3 Re8 53. Rf5+
Ke4 54. Rf2 Ke3 55. Rg2 Rg8 56. Kh4 Kf4 57. g6 Kf5 58. g7 Kf6 59. Kxh5 Rxg7 60.
Rxg7 Kxg7 61. Kg5 1-0

[Event "Team men HL chess 2018"]
[Site "Sochi"]
[Date "2018.05.04"]
[Round "4.3"]
[White "Rozhko, Dmitry"]
[Black "Yeritsyan, Aram"]
[Result "1/2-1/2"]
[WhiteElo "2305"]
[BlackElo "2332"]
[PlyCount "97"]
[EventDate "2018.05.01"]

1. e4 e5 2. Nf3 Nc6 3. Nc3 Nf6 4. d4 exd4 5. Nxd4 Bb4 6. Nxc6 bxc6 7. Bd3 d5 8.
exd5 cxd5 9. O-O O-O 10. h3 c6 11. Qf3 Re8 12. Bf4 Bd6 13. Rfe1 Be6 14. Ne2 Qb8
15. b3 a5 16. Rad1 a4 17. Qg3 Nh5 18. Bxd6 Nxg3 19. Bxb8 Nxe2+ 20. Rxe2 Raxb8
21. f4 c5 22. f5 Bd7 23. Rxe8+ Bxe8 24. Be2 d4 25. Kf2 Kf8 26. Re1 f6 27. Bc4
Bf7 28. Bxf7 Kxf7 29. Ke2 axb3 30. axb3 Ke7 31. Kd3+ Kd6 32. Re6+ Kd5 33. Re7
g5 34. Rxh7 Re8 35. Rd7+ Kc6 36. Rf7 Re3+ 37. Kd2 Rg3 38. Rxf6+ Kd5 39. Re6
Rxg2+ 40. Re2 Rg3 41. Rf2 Rxh3 42. f6 Rh8 43. f7 Rf8 44. Rf5+ Ke4 45. Rxg5 Rxf7
46. Rxc5 Rf2+ 47. Ke1 Rh2 48. Rc8 d3 49. cxd3+ 1/2-1/2

[Event "Team men HL chess 2018"]
[Site "Sochi"]
[Date "2018.05.04"]
[Round "4.4"]
[White "Granovskiy, Alexandr"]
[Black "Nuristani, Iman"]
[Result "0-1"]
[WhiteElo "2285"]
[BlackElo "2132"]
[PlyCount "124"]
[EventDate "2018.05.01"]

1. d4 e6 2. e4 d5 3. Nc3 Nf6 4. e5 Nfd7 5. f4 c5 6. Nf3 Nc6 7. Be3 cxd4 8. Nxd4
Bc5 9. Qd2 Nxd4 10. Bxd4 Bxd4 11. Qxd4 Qb6 12. Qxb6 Nxb6 13. Bd3 Bd7 14. O-O-O
h5 15. Ne2 g6 16. Nd4 Ke7 17. g3 a6 18. h3 Bb5 19. b3 Bxd3 20. cxd3 Nd7 21. Kd2
h4 22. Nf3 hxg3 23. Rdg1 Rac8 24. Rxg3 Nb8 25. Nd4 Nc6 26. Nc2 Rh4 27. Rg4 Rch8
28. Rxh4 Rxh4 29. Ke3 f6 30. exf6+ Kxf6 31. Kf3 d4 32. Kg3 Rh5 33. Rh2 Rc5 34.
Rd2 Ra5 35. Ne1 Nb4 36. a4 Rc5 37. Nf3 Nc6 38. Ng5 Rc3 39. Ne4+ Ke7 40. Kg4
Rxb3 41. Kg5 Nb4 42. Kxg6 Nxd3 43. Kg5 Ne1 44. Kg4 Nf3 45. Rf2 Re3 46. Rxf3
Rxe4 47. Rb3 b5 48. axb5 axb5 49. Rxb5 d3 50. Rb2 Rd4 51. Rb1 e5 52. Kf5 d2 53.
Rd1 e4 54. Ke5 e3 55. Kxd4 e2 56. Rxd2 e1=Q 57. Kd3 Qg3+ 58. Ke4 Qxh3 59. Rd5
Qg2+ 60. Ke5 Qe2+ 61. Kd4 Kf6 62. Re5 Qf3 0-1

[Event "Team men HL chess 2018"]
[Site "Sochi"]
[Date "2018.05.04"]
[Round "4.1"]
[White "Gusarov, Grigory"]
[Black "Chigaev, Maksim"]
[Result "1/2-1/2"]
[WhiteElo "2367"]
[BlackElo "2565"]
[PlyCount "109"]
[EventDate "2018.05.01"]

1. d4 Nf6 2. Nf3 g6 3. c4 Bg7 4. Nc3 O-O 5. g3 d6 6. Bg2 Nbd7 7. O-O e5 8. b3
exd4 9. Nxd4 Re8 10. Bb2 a6 11. Qc2 Rb8 12. Rad1 c6 13. h3 Qc7 14. Rfe1 Nc5 15.
e4 Bd7 16. Qd2 Rbd8 17. Rc1 a5 18. Rcd1 Bc8 19. Kh2 h5 20. Kg1 Qe7 21. f4 Qf8
22. Qf2 Re7 23. Ba3 Nfd7 24. Nde2 Re6 25. e5 dxe5 26. Rxd7 Rxd7 27. Bxc5 Qe8
28. f5 gxf5 29. Qxf5 Rh6 30. Qg5 f6 31. Qe3 f5 32. Qg5 Rd3 33. Nd1 Qg6 34. Be3
Qxg5 35. Bxg5 Rg6 36. Nf2 Rdd6 37. Be3 Bh6 38. Bxh6 Rxh6 39. Nc3 e4 40. Re2 Rd4
41. g4 hxg4 42. hxg4 fxg4 43. Nfxe4 Re6 44. Kf2 Kg7 45. Ke3 Rd8 46. Rf2 Re5 47.
c5 Be6 48. Rf4 Rf8 49. Rxf8 Kxf8 50. Kf4 Rf5+ 51. Ke3 Ke7 52. Ne2 Bd5 53. N2g3
Bxe4 54. Nxe4 Ke6 55. a3 1/2-1/2

[Event "Team men HL chess 2018"]
[Site "Sochi"]
[Date "2018.05.04"]
[Round "4.2"]
[White "Zhurikhin, Alexander"]
[Black "Ozgibcev, Anatoly"]
[Result "1/2-1/2"]
[WhiteElo "2371"]
[BlackElo "2376"]
[PlyCount "88"]
[EventDate "2018.05.01"]

1. e4 e5 2. Nf3 Nc6 3. Bb5 Nf6 4. d3 d6 5. O-O Be7 6. Re1 Bd7 7. c3 O-O 8. Nbd2
Re8 9. Nf1 Bf8 10. Ng3 g6 11. h3 Bg7 12. Ba4 Na5 13. Bc2 c5 14. d4 cxd4 15.
cxd4 exd4 16. Nxd4 Qb6 17. Nb3 Nxb3 18. Bxb3 Be6 19. Be3 Bxb3 20. axb3 Qc6 21.
Rc1 Qb5 22. Bd4 a6 23. Qf3 Re6 24. Rc7 Qb4 25. Rd1 Rae8 26. Nf1 h5 27. g3 Rb8
28. Kg2 Rbe8 29. Rd3 Qb5 30. Rdc3 Rf8 31. Nd2 Qe8 32. e5 dxe5 33. Bc5 e4 34.
Qe2 Nd5 35. Bxf8 Nxc3 36. bxc3 Qxf8 37. Nxe4 Qe8 38. f3 f5 39. Qc4 b5 40. Rxg7+
Kxg7 41. Qd4+ Kg8 42. Nf6+ Rxf6 43. Qxf6 Qe2+ 44. Kg1 Qe1+ 1/2-1/2

[Event "Team men HL chess 2018"]
[Site "Sochi"]
[Date "2018.05.04"]
[Round "4.3"]
[White "Dilmukhametov, Artur"]
[Black "Aminov, Andrey"]
[Result "0-1"]
[WhiteElo "2348"]
[BlackElo "2296"]
[PlyCount "98"]
[EventDate "2018.05.01"]

1. e4 e5 2. d4 exd4 3. Qxd4 Nc6 4. Qe3 Nf6 5. Bd2 Bb4 6. Nc3 O-O 7. O-O-O Re8
8. Qg3 Rxe4 9. a3 Ba5 10. Bg5 Bxc3 11. Qxc3 d6 12. Bd3 Re8 13. f4 h6 14. Bh4
Nd5 15. Bh7+ Kh8 16. Qg3 Qd7 17. Rxd5 Kxh7 18. Qd3+ Kg8 19. Nf3 Qg4 20. Qd2 Re4
21. Re1 Rxe1+ 22. Bxe1 Bd7 23. h3 Qe6 24. f5 Qe7 25. Bh4 f6 26. g4 Re8 27. Rd3
Qe2 28. Qxe2 Rxe2 29. Kd1 Re4 30. Nd2 Re8 31. Bf2 Kf7 32. Re3 Rh8 33. Rb3 b6
34. Rc3 Rc8 35. Nf3 Ne7 36. Rd3 h5 37. Kd2 Rg8 38. Be3 Bb5 39. Rd4 Bf1 40. Ng1
Nc6 41. Rf4 Ba6 42. Nf3 Bc8 43. Rc4 Bd7 44. Nd4 Nxd4 45. Rxc7 Nf3+ 46. Ke2 Ne5
47. Rxa7 b5 48. g5 Ke7 49. b3 Rc8 0-1

[Event "Team men HL chess 2018"]
[Site "Sochi"]
[Date "2018.05.04"]
[Round "4.1"]
[White "Panarin, Mikhail"]
[Black "Pavlov, Oleg"]
[Result "1-0"]
[WhiteElo "2551"]
[BlackElo "2145"]
[PlyCount "67"]
[EventDate "2018.05.01"]

1. e4 e6 2. d4 d5 3. Nd2 Nf6 4. e5 Nfd7 5. f4 c5 6. c3 Nc6 7. Ndf3 Rb8 8. Bd3
b5 9. a3 cxd4 10. Nxd4 Nxd4 11. cxd4 b4 12. a4 b3 13. a5 f5 14. Nf3 Be7 15. O-O
O-O 16. Nd2 Qc7 17. Nxb3 Qc6 18. Bd2 Ba6 19. Rc1 Qb7 20. Bxa6 Qxa6 21. Rc7 Rb7
22. Qc2 Rfb8 23. Rf3 Nf8 24. Rxb7 Qxb7 25. h3 Qb5 26. Kh2 Qa4 27. Qc7 Rxb3 28.
Rxb3 Qxb3 29. Qxe7 Qb8 30. Bb4 Qc8 31. Qxf8+ Qxf8 32. Bxf8 Kxf8 33. b4 Ke7 34.
b5 1-0

[Event "Team men HL chess 2018"]
[Site "Sochi"]
[Date "2018.05.04"]
[Round "4.2"]
[White "Poliakov, Artem"]
[Black "Zakaryan, David"]
[Result "1/2-1/2"]
[WhiteElo "2105"]
[BlackElo "2398"]
[PlyCount "127"]
[EventDate "2018.05.01"]

1. c4 e6 2. Nc3 d5 3. d4 Be7 4. Bf4 Nf6 5. e3 O-O 6. cxd5 Nxd5 7. Nxd5 Qxd5 8.
Ne2 Qa5+ 9. Qd2 Bb4 10. Nc3 c5 11. dxc5 Rd8 12. Qc2 Nc6 13. Bd3 h6 14. O-O e5
15. Bg3 Bxc3 16. bxc3 Qxc5 17. Rab1 a6 18. Be4 Na5 19. Bh4 Re8 20. Rfd1 Be6 21.
Bxb7 Nxb7 22. Rxb7 Qc4 23. e4 Rec8 24. f3 a5 25. a4 Qc5+ 26. Bf2 Qa3 27. Rc1
Rc4 28. Rb5 Rac8 29. Be1 Rxa4 30. Rxe5 Rb4 31. Rb1 Rxb1 32. Qxb1 a4 33. Ra5 Qb3
34. Rb5 Qxb1 35. Rxb1 a3 36. c4 a2 37. Ra1 Bxc4 38. Kf2 Ra8 39. Ke3 Ra3+ 40.
Kd4 Bf1 41. Bb4 Rd3+ 42. Kc5 Bxg2 43. Rxa2 Bxf3 44. Ra8+ Kh7 45. Re8 Kg6 46. e5
Bg4 47. Be1 Be6 48. Bg3 Kf5 49. Rh8 Kg4 50. Rh7 g5 51. Rxh6 Kf3 52. Rh5 g4 53.
Kc6 Rd1 54. Rh6 Kg2 55. Rf6 Rd3 56. Rf2+ Kh3 57. Bf4 Bf5 58. Bg3 Rxg3 59. Rxf5
Kxh2 60. Rxf7 Re3 61. Kd6 g3 62. Rg7 g2 63. Rxg2+ Kxg2 64. e6 1/2-1/2

[Event "Team men HL chess 2018"]
[Site "Sochi"]
[Date "2018.05.04"]
[Round "4.3"]
[White "Oganian, Miran"]
[Black "Mutovin, Egor"]
[Result "1-0"]
[WhiteElo "2422"]
[BlackElo "1929"]
[PlyCount "161"]
[EventDate "2018.05.01"]

1. d4 Nf6 2. c4 e6 3. g3 d5 4. Nf3 Be7 5. Bg2 O-O 6. O-O dxc4 7. Qc2 a6 8. Qxc4
b5 9. Qc2 Bb7 10. Bd2 Be4 11. Qc1 b4 12. Bg5 Nbd7 13. Nbd2 Bd5 14. Ne5 c5 15.
Bxd5 exd5 16. Bxf6 Nxf6 17. dxc5 Rc8 18. Nd3 Ne4 19. Nb3 Nxc5 20. Nbxc5 Bxc5
21. Qd2 Qb6 22. Rac1 Rfd8 23. Rc2 Bf8 24. Rfc1 Rxc2 25. Qxc2 g6 26. Qc7 Qxc7
27. Rxc7 Rb8 28. b3 Rb5 29. h4 h5 30. Kg2 Ra5 31. Rc2 Kg7 32. f4 Kf6 33. Ne5
Bd6 34. Nc6 Rb5 35. Kf3 Bc5 36. Ne5 Ke6 37. Nd3 Bd6 38. Ke3 f6 39. Kd4 Ra5 40.
Ke3 Rb5 41. Kf3 Ra5 42. g4 hxg4+ 43. Kxg4 Rb5 44. Kf3 Ra5 45. e3 Ra3 46. Rg2
Kf5 47. Ne1 Ra5 48. Nc2 Ke6 49. Nd4+ Kf7 50. f5 g5 51. hxg5 fxg5 52. Rxg5 Rxa2
53. Rg6 Be5 54. Ne6 Bf6 55. Nc7 Ra5 56. Kf4 d4 57. exd4 Bxd4 58. Ke4 Bf6 59.
Nd5 Bc3 60. Rc6 Ra1 61. Rc7+ Kf8 62. Nxc3 bxc3 63. Rxc3 a5 64. Ke5 a4 65. Kf6
Kg8 66. Rc8+ Kh7 67. Ra8 a3 68. Kf7 Rf1 69. f6 Ra1 70. b4 Ra2 71. b5 Ra1 72.
Ra4 Kh6 73. Kf8 Rb1 74. f7 Rxb5 75. Kg8 Rg5+ 76. Kh8 Rf5 77. Ra6+ Kh5 78. Kg7
Rg5+ 79. Kf6 Rg6+ 80. Kf5 Rxa6 81. f8=Q 1-0

[Event "Team men HL chess 2018"]
[Site "Sochi"]
[Date "2018.05.04"]
[Round "4.4"]
[White "Zhukov, Ivan"]
[Black "Kudelya, Igor"]
[Result "0-1"]
[WhiteElo "2097"]
[BlackElo "2341"]
[PlyCount "156"]
[EventDate "2018.05.01"]

1. e4 g6 2. d4 Bg7 3. Nc3 a6 4. Be3 b5 5. f3 Bb7 6. Qd2 d6 7. h4 h5 8. O-O-O
Nd7 9. Nh3 c6 10. Kb1 Qa5 11. Ne2 Qxd2 12. Rxd2 Ngf6 13. Ng5 O-O 14. Nf4 Nb6
15. Rd1 Rfc8 16. Be2 c5 17. d5 Nc4 18. Bxc4 bxc4 19. c3 Rcb8 20. Rdg1 Bc8 21.
Kc2 Ra7 22. Bc1 Rab7 23. g3 Bd7 24. Rg2 Ba4+ 25. Kd2 Bh6 26. Ke3 Bd7 27. Kf2
Nh7 28. Nxh7 Kxh7 29. Kg1 e5 30. dxe6 fxe6 31. Kh2 e5 32. Nd5 Be6 33. Ne3 Bxe3
34. Bxe3 d5 35. exd5 Bxd5 36. Rf2 Rxb2 37. Rhf1 Rxf2+ 38. Rxf2 Rb1 39. g4 hxg4
40. fxg4 Rh1+ 41. Kg3 Rg1+ 42. Kh3 Re1 43. Bxc5 Rc1 44. Bb4 Rh1+ 45. Kg3 Rg1+
46. Kh3 Be6 47. Rg2 Re1 48. Kg3 Re3+ 49. Kf2 Rh3 50. h5 gxh5 51. gxh5 Rxh5 52.
Ke3 Bf5 53. Rg3 Bd3 54. Bd6 Rh4 55. Rg2 Rh3+ 56. Kd2 Bf1 57. Rf2 Rd3+ 58. Kc2
Rxd6 59. Rxf1 Kg6 60. Re1 Kf5 61. Rf1+ Ke6 62. Re1 Rd3 63. Rh1 Rd6 64. a4 a5
65. Rh6+ Kd5 66. Rxd6+ Kxd6 67. Kd2 Ke6 68. Ke3 Kf5 69. Kf3 e4+ 70. Ke3 Ke5 71.
Ke2 Kf4 72. Kf2 e3+ 73. Ke1 e2 74. Kxe2 Ke4 75. Kd2 Kf3 76. Kd1 Ke3 77. Kc1 Kd3
78. Kb2 Kd2 0-1

[Event "Team men HL chess 2018"]
[Site "Sochi"]
[Date "2018.05.04"]
[Round "4.1"]
[White "Dulenko, Maxim"]
[Black "Alexeev, Alexey"]
[Result "1/2-1/2"]
[WhiteElo "2143"]
[BlackElo "2287"]
[PlyCount "96"]
[EventDate "2018.05.01"]

1. d4 Nf6 2. Nf3 g6 3. Nc3 d5 4. Bg5 Bg7 5. e3 b6 6. Bb5+ c6 7. Bd3 Ba6 8. Bxa6
Nxa6 9. Qe2 Nc7 10. e4 dxe4 11. Nxe4 O-O 12. O-O Ne6 13. Rfd1 Nxe4 14. Qxe4
Nxg5 15. Nxg5 Qd5 16. Qxd5 cxd5 17. a4 Rfc8 18. c3 a6 19. Nf3 e6 20. Ne1 Bf8
21. Nd3 Rc7 22. Kf1 Bd6 23. g3 f6 24. Ke2 a5 25. Kd2 Kf7 26. f4 h6 27. Rf1 g5
28. Rae1 Re8 29. Re2 g4 30. h3 gxh3 31. Rh2 Rc4 32. Ne5+ fxe5 33. fxe5+ Ke7 34.
exd6+ Kxd6 35. Rxh3 Rxa4 36. Rxh6 Rc4 37. Rh7 Rc7 38. Rxc7 Kxc7 39. g4 Rg8 40.
Rg1 Kd6 41. Ke3 e5 42. g5 Rg6 43. dxe5+ Kxe5 44. Kd3 b5 45. b3 a4 46. bxa4 bxa4
47. Ra1 Rxg5 48. Rxa4 Rg3+ 1/2-1/2

[Event "Team men HL chess 2018"]
[Site "Sochi"]
[Date "2018.05.04"]
[Round "4.2"]
[White "Truskavetsky, Alexandr"]
[Black "Bogachkova, Alena"]
[Result "1/2-1/2"]
[WhiteElo "2387"]
[BlackElo "2110"]
[PlyCount "78"]
[EventDate "2018.05.01"]

1. d4 d5 2. c4 c6 3. cxd5 cxd5 4. Bf4 Nc6 5. e3 Qb6 6. Nc3 e5 7. dxe5 Qxb2 8.
Rc1 Bb4 9. Qd2 Qxd2+ 10. Kxd2 Nge7 11. Bd3 d4 12. exd4 Nd5 13. Nge2 Bxc3+ 14.
Rxc3 Nxc3 15. Kxc3 Be6 16. Be4 Ne7 17. Bxb7 Rb8 18. Be4 O-O 19. Kd3 Bxa2 20.
Nc3 Rfc8 21. Nxa2 Rb3+ 22. Ke2 Rb2+ 23. Kf3 Rxa2 24. Rd1 Ng6 25. Be3 a5 26. Rb1
a4 27. Bd5 Rac2 28. e6 Kf8 29. exf7 Nh8 30. Bf4 R2c3+ 31. Ke4 Nxf7 32. Rb7 Re8+
33. Kf5 Re7 34. Rb8+ Re8 35. Rb7 Re7 36. Rb8+ Re8 37. Rb7 Re7 38. Rb8+ Re8 39.
Rb7 Re7 1/2-1/2

[Event "Team men HL chess 2018"]
[Site "Sochi"]
[Date "2018.05.04"]
[Round "4.3"]
[White "Mamedov, Elmin"]
[Black "Pervakov, Sergey"]
[Result "1-0"]
[WhiteElo "2179"]
[BlackElo "2119"]
[PlyCount "97"]
[EventDate "2018.05.01"]

1. Nf3 g6 2. d4 Bg7 3. g3 Nf6 4. Bg2 d6 5. O-O O-O 6. b3 c6 7. Bb2 Nbd7 8. c4
Qc7 9. Qc2 Re8 10. e4 e5 11. Nbd2 b6 12. Rfe1 Bb7 13. Rad1 Rad8 14. Nb1 a6 15.
dxe5 dxe5 16. h3 h6 17. a3 a5 18. b4 axb4 19. axb4 Nh7 20. Nc3 Nhf8 21. b5 c5
22. Nd5 Qb8 23. Bc3 Ne6 24. Qa2 Nd4 25. Nxd4 exd4 26. Bd2 Bxd5 27. exd5 Qd6 28.
Bf4 Ne5 29. Bxe5 Rxe5 30. Qa7 Rde8 31. Rxe5 Rxe5 32. Bf3 Re8 33. Qb7 Be5 34.
Kg2 Bg7 35. Qc6 Rd8 36. Re1 Bf8 37. Rd1 Bg7 38. Ra1 Bf8 39. Ra7 Rb8 40. Ra1 h5
41. Ra7 Rd8 42. Rb7 Qe5 43. Qxb6 Rc8 44. Ra7 Bd6 45. Rd7 Bb8 46. d6 Qf5 47.
Rd8+ Kg7 48. Rxc8 Qxc8 49. d7 1-0

[Event "Team men HL chess 2018"]
[Site "Sochi"]
[Date "2018.05.04"]
[Round "4.4"]
[White "Illina, Natalia"]
[Black "Utiatskaja, Irina"]
[Result "1-0"]
[WhiteElo "2146"]
[BlackElo "2159"]
[PlyCount "65"]
[EventDate "2018.05.01"]

1. e4 c5 2. Nf3 d6 3. d4 cxd4 4. Nxd4 Nf6 5. Nc3 a6 6. h3 e6 7. g4 d5 8. exd5
Nxd5 9. Nde2 Bc5 10. Bg2 O-O 11. Nxd5 exd5 12. Qxd5 Qb6 13. O-O Nc6 14. Qb3 Qc7
15. Bf4 Qe7 16. Rfe1 Be6 17. Qg3 Nb4 18. Be4 Bxg4 19. Nd4 Be6 20. Nf5 Bxf5 21.
Bxf5 Qf6 22. Be5 Qh6 23. Re4 g5 24. h4 f6 25. hxg5 fxg5 26. Qb3+ Rf7 27. Be6
Raf8 28. Rxb4 Bxb4 29. Bxf7+ Rxf7 30. Qxb4 Qe6 31. Qd4 Rd7 32. Qe3 h5 33. Qxg5+
1-0

[Event "Team men HL chess 2018"]
[Site "Sochi"]
[Date "2018.05.04"]
[Round "4.1"]
[White "Tregubov, Pavel V"]
[Black "Novikov, Konstantin"]
[Result "1-0"]
[WhiteElo "2578"]
[BlackElo "2255"]
[PlyCount "133"]
[EventDate "2018.05.01"]

1. d4 Nf6 2. Nf3 c5 3. d5 b5 4. Bg5 Ne4 5. Bh4 Bb7 6. Qd3 Qa5+ 7. c3 Nf6 8. e4
c4 9. Qd4 d6 10. Bxf6 exf6 11. Nbd2 a6 12. Be2 Nd7 13. O-O Be7 14. a4 Qd8 15.
axb5 axb5 16. b3 O-O 17. bxc4 bxc4 18. Qxc4 f5 19. Nd4 fxe4 20. Nc6 Ne5 21.
Nxe7+ Qxe7 22. Qxe4 f5 23. Qd4 Nd7 24. Bb5 Nc5 25. Rae1 Qf7 26. c4 Rab8 27. Nf3
Bxd5 28. Ng5 Qb7 29. cxd5 Qxb5 30. Re7 Rf6 31. h4 h6 32. Ne6 Nxe6 33. dxe6 Qc5
34. Qxc5 dxc5 35. Ra1 Rc8 36. h5 c4 37. Raa7 Kh8 38. Kh2 c3 39. Rxg7 Rxe6 40.
Rh7+ Kg8 41. Rag7+ Kf8 42. Rc7 Rxc7 43. Rxc7 Re2 44. Kg3 c2 45. Kf3 Rd2 46. Ke3
Rd1 47. Rxc2 Rh1 48. Rc7 Rxh5 49. g3 Rh2 50. f3 Ra2 51. Rc5 Kg7 52. Rxf5 Ra3+
53. Kf2 Ra2+ 54. Kf1 Kg6 55. Re5 h5 56. Re2 Ra3 57. Kg2 Kf5 58. Rb2 Ra1 59. Rb6
Ra8 60. Kh3 Ra1 61. f4 Ke4 62. Kh4 Rg1 63. Rb5 Rh1+ 64. Kg5 h4 65. Re5+ Kf3 66.
gxh4 Rg1+ 67. Kf5 1-0

[Event "Team men HL chess 2018"]
[Site "Sochi"]
[Date "2018.05.04"]
[Round "4.2"]
[White "Novikov, Maxim"]
[Black "Barskij, Vladimir"]
[Result "1/2-1/2"]
[WhiteElo "2488"]
[BlackElo "2386"]
[PlyCount "113"]
[EventDate "2018.05.01"]

1. e4 c5 2. Nf3 e6 3. c4 Nc6 4. Nc3 Nd4 5. Bd3 Ne7 6. Nxd4 cxd4 7. Ne2 Nc6 8.
Bc2 e5 9. O-O d6 10. d3 Be7 11. f4 Bg4 12. h3 Bxe2 13. Qxe2 exf4 14. Ba4 g5 15.
h4 h6 16. Qh5 Kd7 17. Qxf7 Qa5 18. Bb5 a6 19. Bxc6+ bxc6 20. Qh5 Qe5 21. Qg4+
Qe6 22. Qxe6+ Kxe6 23. Bd2 Bf6 24. b4 Be5 25. a4 Rhb8 26. Kf2 g4 27. Ke2 h5 28.
Rab1 Rf8 29. Rb2 Rf7 30. Kf2 Bf6 31. Rh1 Bd8 32. Ke2 f3+ 33. gxf3 Rxf3 34. Rbb1
Ra7 35. Rbf1 Raf7 36. Rxf3 Rxf3 37. a5 Kd7 38. Bg5 Bxg5 39. hxg5 Re3+ 40. Kf2
Rxd3 41. b5 cxb5 42. cxb5 Rf3+ 43. Kg2 axb5 44. g6 Rf8 45. Rxh5 Kc6 46. a6 Rg8
47. a7 Kb6 48. Rd5 Kxa7 49. Rxd6 d3 50. e5 d2 51. Rxd2 Rxg6 52. Re2 Kb6 53. e6
Rg8 54. e7 Re8 55. Kg3 Kc6 56. Kxg4 Kd6 57. Kf5 1/2-1/2

[Event "Team men HL chess 2018"]
[Site "Sochi"]
[Date "2018.05.04"]
[Round "4.3"]
[White "Burtasova, Anna"]
[Black "Sadovsky, Artem"]
[Result "0-1"]
[WhiteElo "2276"]
[BlackElo "2393"]
[PlyCount "66"]
[EventDate "2018.05.01"]

1. e4 c6 2. d4 d5 3. exd5 cxd5 4. c4 Nf6 5. Nc3 e6 6. Nf3 Nc6 7. cxd5 Nxd5 8.
Bd3 Be7 9. O-O O-O 10. Qe2 Ndb4 11. Bb1 Nxd4 12. Nxd4 Qxd4 13. Rd1 Qh4 14. g3
Qh3 15. Be4 e5 16. a3 Nc6 17. Bg2 Qg4 18. Bf3 Qg6 19. Nd5 Bd6 20. Be3 Bf5 21.
Qb5 Rab8 22. Nb4 Bxb4 23. axb4 Bg4 24. Bxg4 Qxg4 25. Bc5 Rfe8 26. Bd6 Rbd8 27.
Qxb7 Nd4 28. Qc7 Rd7 29. Qc5 Red8 30. Rxd4 exd4 31. Rxa7 Rxa7 32. Qxa7 d3 33.
Bf4 Qxf4 0-1

[Event "Team men HL chess 2018"]
[Site "Sochi"]
[Date "2018.05.04"]
[Round "4.4"]
[White "Shkurkin, Andrey"]
[Black "Golubeva, Oksana"]
[Result "1-0"]
[WhiteElo "2239"]
[BlackElo "2177"]
[PlyCount "75"]
[EventDate "2018.05.01"]

1. d4 d5 2. c4 c6 3. Nf3 Nf6 4. g3 e6 5. Bg2 Nbd7 6. O-O a6 7. Nbd2 c5 8. e4
dxe4 9. Ng5 cxd4 10. Ndxe4 h6 11. Nxf6+ Nxf6 12. Nf3 Bc5 13. b4 Ba7 14. Bb2 Qe7
15. c5 O-O 16. Qxd4 Rd8 17. Qc3 Qf8 18. Rfd1 Nd5 19. Qb3 Bd7 20. Ne5 Bc6 21.
Nxc6 bxc6 22. Qa4 Rdc8 23. Rd4 Bb8 24. Rg4 f6 25. Re1 e5 26. b5 Qxc5 27. Rc1
Qf8 28. Rxc6 Nc7 29. b6 Ba7 30. b7 Rab8 31. bxc8=Q Qxc8 32. Qc4+ Kh8 33. Rxc7
Bxf2+ 34. Kxf2 Qf5+ 35. Kg1 h5 36. Rgxg7 Qb1+ 37. Bf1 Qf5 38. Rh7+ 1-0

[Event "Team men HL chess 2018"]
[Site "Sochi"]
[Date "2018.05.04"]
[Round "4.1"]
[White "Safarian, Armen"]
[Black "Konaplev, Anton"]
[Result "0-1"]
[WhiteElo "2144"]
[BlackElo "2376"]
[PlyCount "42"]
[EventDate "2018.05.01"]

1. e4 e6 2. d4 d5 3. Nd2 c5 4. exd5 exd5 5. Ngf3 Nf6 6. Be2 Nc6 7. O-O cxd4 8.
Nb3 Be7 9. Nbxd4 O-O 10. Nxc6 bxc6 11. c4 Ne4 12. Be3 Bf6 13. Bd4 Be6 14. Qa4
c5 15. Bxf6 Qxf6 16. cxd5 Bxd5 17. Rad1 Qxb2 18. Rxd5 Nc3 19. Qc4 Nxd5 20. Bd3
Rad8 21. Rb1 Qc3 0-1